Canzone francese (La)-La rabbia e la speranza nei testi dei più grandi chansonnier dalla comune di Parigi a oggi (Record n. 73769)
[ formato base ]
| 000 -LEADER | |
|---|---|
| fixed length control field | 01290nam a2200325Ia 4500 |
| 001 - CONTROL NUMBER | |
| control field | 1798 |
| 003 - CONTROL NUMBER IDENTIFIER | |
| control field | IT-RoPAU |
| 008 - FIXED-LENGTH DATA ELEMENTS--GENERAL INFORMATION | |
| fixed length control field | 130308s9999 xx 000 0 und d |
| 040 ## - CATALOGING SOURCE | |
| Original cataloging agency | IT-RoPAU |
| 040 ## - CATALOGING SOURCE | |
| Transcribing agency | IT-RoPAU |
| 041 ## - LANGUAGE CODE | |
| Language code of text/sound track or separate title | ITALIANO |
| 999 ## - SYSTEM CONTROL NUMBERS (KOHA) | |
| Koha Dewey Subclass [OBSOLETE] | SI |
| 100 ## - MAIN ENTRY--PERSONAL NAME | |
| Personal name | AA.VV. |
| 100 ## - MAIN ENTRY--PERSONAL NAME | |
| Miscellaneous information | Codice Aut. SPICS: 12000 |
| 245 ## - TITLE STATEMENT | |
| Title | Canzone francese (La)-La rabbia e la speranza nei testi dei più grandi chansonnier dalla comune di Parigi a oggi |
| 245 ## - TITLE STATEMENT | |
| Remainder of title | Canzone Francese (La)-La Rabbia e la speranza Nei Testi dei Piu' Grandi Chansonnier Dalla Comune di Parigi a Oggi |
| 250 ## - EDITION STATEMENT | |
| Edition statement | 1a ed. |
| 260 ## - PUBLICATION, DISTRIBUTION, ETC. (IMPRINT) | |
| Place of publication, distribution, etc. | ROMA |
| 260 ## - PUBLICATION, DISTRIBUTION, ETC. (IMPRINT) | |
| Name of publisher, distributor, etc. | Savelli |
| 260 ## - PUBLICATION, DISTRIBUTION, ETC. (IMPRINT) | |
| Date of publication, distribution, etc. | 1979 [1° Ed.:1979 - Ed.Ling.Originale:] |
| 300 ## - PHYSICAL DESCRIPTION | |
| Extent | "192 p. (prefazione: no ; testo: 192)" |
| 500 ## - GENERAL NOTE | |
| General note | Autori Aznavour Trenet Brassens Ferre' Brel Pottier e Altri Canzone e Rivoluzione Canzone militante canzoni della Comune Canzone moderna di Bruant Montehus Trenet strada e Letteratura Anarchia e Disobbedienza Civile Canzone e Industria Rivolta e Mercificazione Contemporanei Discografia Selettiva della Canzone Francese |
| 650 ## - SUBJECT ADDED ENTRY--TOPICAL TERM | |
| Topical term or geographic name as entry element | AUTORI/OPERE DI MUSICA |
| 650 ## - SUBJECT ADDED ENTRY--TOPICAL TERM | |
| Relator term | Codice materia Spics: 7007 |
| 700 ## - ADDED ENTRY--PERSONAL NAME | |
| Personal name | Armellini Guido |
| 700 ## - ADDED ENTRY--PERSONAL NAME | |
| Miscellaneous information | Codice Aut. SPICS: 9798 |
| 942 ## - ADDED ENTRY ELEMENTS (KOHA) | |
| Koha item type | LIBRO |
| 957 ## - | |
| -- | 1 |
| 999 ## - SYSTEM CONTROL NUMBERS (KOHA) | |
| -- | 1 |
| Withdrawn status | Lost status | Damaged status | Not for loan | Home library | Current library | Date acquired | Total Checkouts | Full call number | Date last seen | Price effective from | Koha item type | Public note |
|---|---|---|---|---|---|---|---|---|---|---|---|---|
| Buone Condizioni | Not For Loan | SPICS-MEDIATECA | SPICS-MEDIATECA | 08/03/2013 | 1798 | 08/03/2013 | 08/03/2013 | LIBRO | Progressivo inserimento: 47870 / N. Volumi: 1 Copie: 1 Copia Rara: SI / data import: 1 marzo 2013 - By Epidotti, Trombetti, Vaglietti. |